[Event "ch-TUR"]
[Site "Kemer-Antalya TUR"]
[Date "2011.02.12"]
[Round "9"]
[White "Demiralp,M"]
[Black "Sanal,V"]
[Result "0-1"]
[WhiteElo "2083"]
[BlackElo "2206"]

1.d4 Nf6 2.Bg5 e6 3.Nd2 h6 4.Bh4 c5 5.e3 Nc6 6.c3 cxd4 7.exd4 Be7 8.Bd3 b6
9.Ngf3 Bb7 10.Bxf6 Bxf6 11.Qe2 Qc7 12.Ne4 Be7 13.O-O O-O-O 14.Ba6 g5 15.d5 exd5
16.Ng3 Bxa6 17.Qxa6+ Kb8 18.Nd4 Nxd4 19.cxd4 Qc4 20.Qxc4 dxc4 21.Nf5 Rde8
22.d5 Bc5 23.Rfe1 Bb4 24.Re3 Bc5 25.Ree1 Bb4 26.Re3 Rxe3 27.fxe3 Re8 28.g4 Re5
29.Rd1 h5 30.h3 hxg4 31.hxg4 c3 32.bxc3 Bxc3 33.Kf2 Re4 34.Kf3 Ra4 35.Nd6 Rxa2
36.Rc1 Ra3 37.Rc2 Rb3 38.Nxf7 a5 39.Nxg5 a4 40.Ne4 Be5 41.Ke2 Bb2 42.g5 a3
43.g6 a2 44.g7 Bxg7 45.Rxa2 Bh6 46.Nf6 Rxe3+ 47.Kf2 Re7 48.Ng4 Bg7 49.Re2 Bd4+
50.Kf3 Rh7 51.Rh2 Rg7 52.Rd2 Bc5 53.Ne5 Kc7 54.Nc4 Rg6 55.Ne5 Rg7 56.Nc4 d6
57.Ra2 b5 58.Nd2 Rg5 59.Ne4 Rxd5 60.Rd2 Kc6 61.Ra2 Rd3+ 62.Kf4 b4 63.Ra6+ Kb5
64.Ra8 b3 65.Rb8+ Bb6 66.Nf2 b2  0-1

[Event "75th ch-BUL Semi-Final"]
[Site "Plovdiv BUL"]
[Date "2011.02.13"]
[Round "9"]
[White "Arnaudov,P"]
[Black "Panajotov,J"]
[Result "0-1"]
[WhiteElo "2202"]
[BlackElo "2243"]

1.d4 Nf6 2.Bg5 e6 3.e4 h6 4.Bxf6 Qxf6 5.c3 d6 6.Nd2 Nd7 7.g3 g6 8.Bg2 Bg7
9.Ne2 e5 10.Nc4 h5 11.h4 Nb6 12.Ne3 Bh6 13.Qd3 Bd7 14.b3 a6 15.a4 a5 16.Rd1 Qe7
17.c4 exd4 18.Nxd4 O-O 19.O-O Bg7 20.Ne2 Bc6 21.Nf4 Nd7 22.Nfd5 Qd8 23.f4 Nc5
24.Qc2 Bxd5 25.Nxd5 c6 26.Ne3 Qb6 27.Kh2 Rad8 28.Rb1 Nxe4 29.Bxe4 Qxe3 30.Rbd1 f5
31.Bg2 Rfe8 32.Rd3 Qc5 33.Qf2 Qb4 34.Rfd1 Re6 35.Qd2 Qc5 36.Re1 Rde8 37.Rxe6 Rxe6
38.Bf3 Bf6 39.Kg2 Bd8 40.Qf2 Qb4 41.Qd2 Qc5 42.Qf2 Bb6 43.Qxc5 Bxc5 44.Kf1 Kf7
45.Be2 Ke7 46.Ke1 Kd7 47.Kf1 Kc7 48.Bd1 Kb6 49.Kg2 Be3 50.Kf3 Bc1 51.Rc3 Bb2
52.c5+ dxc5 53.Rc2 Bd4 54.Be2 Re3+ 55.Kg2 Rxb3 56.Bc4 Rc3 57.Rxc3 Bxc3 58.Kf2 Kc7
59.Ke2 Kd6 60.Bf7 b5 61.Bxg6 c4 62.Bxf5 b4 63.Bg6 b3 64.Bxh5 Ke7 65.Kd1 Bd4
66.Bg6 c3  0-1

[Event "ch-ROU Men"]
[Site "Sarata Monteoru ROU"]
[Date "2011.02.14"]
[Round "4.36"]
[White "Anuta,L"]
[Black "Dobre,Mihai"]
[Result "1-0"]
[WhiteElo "2034"]
[BlackElo "1875"]

1.d4 Nf6 2.Bg5 e6 3.Nf3 h6 4.Bh4 c5 5.e3 b6 6.Bd3 Bb7 7.Nbd2 Be7 8.O-O O-O
9.c3 d5 10.Ne5 Nbd7 11.f4 Nxe5 12.fxe5 Nd7 13.Bxe7 Qxe7 14.Qg4 Qg5 15.Qe2 c4
16.Bc2 f6 17.Ba4 Rad8 18.Nf3 Qh5 19.Bxd7 Rxd7 20.Qc2 a6 21.Rf2 f5 22.Raf1 g5
23.Ne1 Rg7 24.g3 Bc6 25.Ng2 Be8 26.Ne1 b5 27.Qd2 Bg6 28.Kg2 Qg4 29.h3 Qh5
30.Kh2 Rgf7 31.Ng2 Bh7 32.Qc1 Qg6 33.Qd1 Qg7 34.h4 Kh8 35.hxg5 hxg5 36.Qh5 Rg8
37.Rh1 f4 38.g4 Rgf8 39.exf4 gxf4 40.Rhf1 f3 41.Nh4 Rg8 42.Kg3 Qg5 43.Qxg5 Rxg5
44.Rxf3 Rfg7 45.Rf8+ Rg8 46.Rxg8+ Rxg8 47.Rf6 Re8 48.g5 Kg7 49.g6 Bg8 50.Kf4 Kh6
51.Nf3 Re7 52.Ng5 a5 53.a3 Kh5 54.Nf7 b4 55.axb4 axb4 56.cxb4 Rb7 57.b5 Rxb5
58.g7 Bxf7 59.Rxf7 Rb8 60.Rf8  1-0

[Event "ch-St Petersburg S/F 2011"]
[Site "St Petersburg RUS"]
[Date "2011.02.15"]
[Round "5.8"]
[White "Smirnov,Arte"]
[Black "Shchukin,D"]
[Result "1-0"]
[WhiteElo "2428"]
[BlackElo "2346"]

1.d4 Nf6 2.Bg5 e6 3.Nd2 h6 4.Bh4 c5 5.e4 g5 6.Bg3 cxd4 7.e5 Nd5 8.h4 Qa5
9.hxg5 Ne3 10.fxe3 dxe3 11.Nf3 exd2+ 12.Qxd2 Qxd2+ 13.Nxd2 Nc6 14.Ne4 Bg7
15.Nf6+ Kd8 16.gxh6 Rxh6 17.Rxh6 Bxh6 18.Rd1 Bg5 19.Be2 d5 20.c4 d4 21.b4 Nxb4
22.Rxd4+ Ke7 23.Rg4 Nc2+ 24.Kf2 Be3+ 25.Kf3 b5 26.Bd3 Bb7+ 27.Ke2 Nb4 28.Kxe3 Nxd3
29.Kxd3 bxc4+ 30.Kc3 Bxg2 31.Bf2 Bf3 32.Rg3 Bc6 33.Bc5+ Kd8 34.Rg7  1-0

[Event "ch-ROU Men"]
[Site "Sarata Monteoru ROU"]
[Date "2011.02.17"]
[Round "8.13"]
[White "Turcu,I"]
[Black "Petrisor,A"]
[Result "1/2-1/2"]
[WhiteElo "2200"]
[BlackElo "2386"]

1.d4 Nf6 2.Bg5 e6 3.e3 c5 4.Nd2 Be7 5.c3 b6 6.Ngf3 Bb7 7.Bd3 h6 8.Bxf6 Bxf6
9.Qe2 O-O 10.h4 g6 11.O-O-O Bg7 12.Bc2 Ba6 13.Bd3 Bb7  1/2-1/2

[Event "ch-ROU Men"]
[Site "Sarata Monteoru ROU"]
[Date "2011.02.17"]
[Round "8.38"]
[White "Anuta,L"]
[Black "Nastase,R"]
[Result "1-0"]
[WhiteElo "2034"]
[BlackElo "1825"]

1.d4 Nf6 2.Bg5 e6 3.Nf3 Be7 4.Nbd2 d5 5.e3 O-O 6.Bd3 Nbd7 7.c3 c5 8.Rc1 c4
9.Bb1 b5 10.Qc2 Bb7 11.Ne5 g6 12.h4 Nxe5 13.dxe5 Ne4 14.Nxe4 dxe4 15.Rd1 Qc7
16.Bf4 Rfd8 17.Rd4 Bf8 18.h5 Bg7 19.hxg6 fxg6 20.Qd1 Bd5 21.Qg4 Qf7 22.Qh4 Bf8
23.Bxe4 Be7 24.Bxg6 Qxg6 25.Qxe7 Re8 26.Qg5 Rab8 27.Qxg6+ hxg6 28.e4 Bc6
29.a3 a5 30.Bg5 Rb7 31.Bf6 Rh7 32.Rxh7 Kxh7 33.f3 Rb8 34.Rd6 Ba8 35.Rxe6 b4
36.Re7+  1-0

[Event "ch-ROU Men"]
[Site "Sarata Monteoru ROU"]
[Date "2011.02.20"]
[Round "11.3"]
[White "Chifor,E"]
[Black "Manolache,M"]
[Result "0-1"]
[WhiteElo "2276"]
[BlackElo "2544"]

1.d4 Nf6 2.Bg5 e6 3.Nc3 h6 4.Bxf6 Qxf6 5.e4 d6 6.Nf3 Qd8 7.Qd2 a6 8.a4 Be7
9.Bc4 O-O 10.O-O c6 11.Rfe1 Nd7 12.e5 d5 13.Bf1 Bb4 14.Re3 c5 15.dxc5 Bxc5
16.Ree1 Nb8 17.Ne2 Nc6 18.Ned4 f6 19.Nxc6 bxc6 20.b4 Ba7 21.Re2 Rb8 22.Rae1 Bd7
23.exf6 Qxf6 24.Ne5 Rbd8 25.Kh1 Be8 26.f3 Bb8 27.Re3 a5 28.bxa5 Qf4 29.g3 Qxa4
30.Nd3 Ba7 31.Rxe6 Bh5 32.g4 Bf7 33.Re7 Qd4 34.c3 Qg1+  0-1

[Event "e2e4.org.uk Brighton Masters B"]
[Site "Brighton ENG"]
[Date "2011.02.26"]
[Round "6"]
[White "Gormally,D"]
[Black "Sreeves,C"]
[Result "1-0"]
[WhiteElo "2484"]
[BlackElo "2093"]

1.d4 Nf6 2.Bg5 e6 3.e4 h6 4.Bxf6 Qxf6 5.c3 d6 6.Bd3 g6 7.Ne2 Bg7 8.O-O e5
9.Na3 O-O 10.Nc2 c6 11.f4 exf4 12.Nxf4 Qg5 13.Qf3 Nd7 14.Bc4 Nf6 15.Rae1 Kh7
16.e5 dxe5 17.Rxe5 Qh4 18.g3 Qg4 19.Qxg4 Nxg4 20.Re7 Bf5 21.Bd3 Rae8 22.Bxf5 Rxe7
23.Bxg4 Rfe8 24.Bf3 Rd7 25.Nd3 Bf8 26.b4 a5 27.bxa5 Ra8 28.Ne5 Rc7 29.Nc4  1-0

[Event "27th Open"]
[Site "Cappelle la Grande FRA"]
[Date "2011.03.03"]
[Round "7.43"]
[White "Shirazi,K"]
[Black "Houriez,C"]
[Result "1/2-1/2"]
[WhiteElo "2419"]
[BlackElo "2244"]

1.d4 Nf6 2.Bg5 e6 3.e3 b6 4.f4 Bb7 5.Nf3 Be7 6.Bd3 c5 7.c3 Nd5 8.Qd2 f6 9.Bh4 f5
10.Bxe7 Qxe7 11.O-O Nf6 12.c4 Ne4 13.Qc2 d6 14.Nc3 Nxc3 15.bxc3 Bxf3 16.Rxf3 O-O
17.e4 Qf6 18.d5 e5 19.fxe5 Qxe5 20.exf5 Nd7 21.f6 Nxf6 22.Rh3 h6 23.Bf5 Kh8
24.Rf3 Ng8 25.Raf1 Rf6 26.Qd2 Re8 27.Be6 Ref8 28.Rxf6 Rxf6 29.Re1 Qh5 30.h3 Qh4
31.Qe2 Qf4 32.a4 Ne7 33.Rb1 Ng6 34.Kh1 Ne5 35.a5 bxa5 36.Qa2 Rf8 37.Qxa5 Nd3
38.Qxa7 Nf2+ 39.Kg1 Ne4 40.Rb8 Qf2+ 41.Kh2 Qf4+ 42.Kg1 Qf2+ 43.Kh2 Nxc3 44.Bf7 Qf4+
45.Kh1 Qf1+ 46.Kh2  1/2-1/2

[Event "27th Open"]
[Site "Cappelle la Grande FRA"]
[Date "2011.03.03"]
[Round "7.25"]
[White "Vozovic,O"]
[Black "Zherebukh,Y"]
[Result "0-1"]
[WhiteElo "2341"]
[BlackElo "2565"]

1.d4 Nf6 2.Bg5 e6 3.e4 h6 4.Bxf6 Qxf6 5.Nf3 d6 6.Nc3 g6 7.e5 dxe5 8.dxe5 Qe7
9.Bd3 Bg7 10.O-O Nc6 11.Re1 Bd7 12.a3 O-O 13.Qd2 Rfd8 14.Qf4 Be8 15.h4 Qf8
16.h5 g5 17.Qe4 Qe7 18.Re3 Kf8 19.Rae1 Qc5 20.Qh7 g4 21.Ne4 Qe7 22.Nf6 Bxf6
23.exf6 Qxf6 24.Nh2 Qg7 25.Qxg7+ Kxg7 26.Nxg4 Rd5 27.Ne5 Nxe5 28.Rxe5 Rad8
29.f4 c5 30.Kf2 b5 31.b3 a5 32.Rxd5 Rxd5 33.g4 c4 34.bxc4 bxc4 35.Be4 Rd2+
36.Ke3 c3 37.g5 f5 38.Bd3 hxg5 39.fxg5 Bxh5 40.Kd4 Bf7 41.Re5 a4 42.Kxc3 Rg2
43.Kb4 Rxg5 44.c4 Kf6 45.Re1 e5 46.Rf1 Be6 47.Kxa4 Rg3 48.Be2 e4 49.Kb4 Ke5
50.a4 f4 51.a5 f3 52.Bd1 Bh3 53.Rh1 f2 54.Be2 Bg4 55.Bxg4 Rxg4 56.a6 e3  0-1

[Event "43rd WGM"]
[Site "Belgrade SRB"]
[Date "2011.03.09"]
[Round "4.4"]
[White "Voiska,M"]
[Black "Vojinovic,J"]
[Result "0-1"]
[WhiteElo "2313"]
[BlackElo "2278"]

1.d4 Nf6 2.Bg5 e6 3.e4 h6 4.Bxf6 Qxf6 5.Nc3 d6 6.Qd2 c6 7.Rd1 e5 8.d5 c5
9.Nf3 a6 10.a4 g6 11.Be2 h5 12.Qg5 Qg7 13.h4 Be7 14.Qg3 f6 15.Nd2 Nd7 16.Nc4 Rb8
17.Ra1 Qf7 18.f4 exf4 19.Qxf4 Ne5 20.O-O Qg7 21.Qg3 O-O 22.Rad1 Bd7 23.Nb6 Be8
24.Bd3 Bd8 25.Nc4 Qe7 26.Nxe5 fxe5 27.Rxf8+ Kxf8 28.Qf3+ Kg7 29.Rf1 Ba5 30.Nd1 Bb6
31.Ne3 Bxa4 32.Qg3 Kh7 33.c4 Bd7 34.Qf2 Qg7 35.Be2  0-1

[Event "Barcelo Lancashire Open"]
[Site "Blackpool ENG"]
[Date "2011.03.12"]
[Round "3"]
[White "Cooper,L"]
[Black "Rabbitte,L"]
[Result "1/2-1/2"]
[WhiteElo "2316"]
[BlackElo "2034"]

1.d4 Nf6 2.Bg5 e6 3.Nd2 c5 4.e3 cxd4 5.exd4 Be7 6.c3 d6 7.Ngf3 Nbd7 8.Qc2 b6
9.Bd3 Bb7 10.h4 Rc8 11.a3 h6 12.Bxf6 gxf6 13.Qb3 f5 14.Bc4 Nf6 15.Qa4+ Bc6
16.Bb5 Bxb5 17.Qxb5+ Kf8 18.a4 Rg8 19.g3 Nd5 20.Qd3 Qd7 21.Nf1 Qb7 22.Rg1 Nf6
23.N1d2  1/2-1/2

[Event "Barcelo Lancashire Open"]
[Site "Blackpool ENG"]
[Date "2011.03.13"]
[Round "5"]
[White "Cooper,L"]
[Black "Hart,D"]
[Result "1-0"]
[WhiteElo "2316"]
[BlackElo "2018"]

1.d4 Nf6 2.Bg5 e6 3.Nf3 h6 4.Bxf6 Qxf6 5.e4 d6 6.c3 g5 7.Bd3 Bg7 8.Na3 O-O
9.Nc2 c5 10.dxc5 dxc5 11.Ne3 Nc6 12.h4 Rd8 13.hxg5 hxg5 14.e5 Qe7 15.Ng4 b6
16.Qe2 Bb7 17.Qe4 Kf8 18.Qe3 Rd7 19.Rh5 Rad8 20.Be4 c4 21.Rxg5 Nb4 22.cxb4 Qxb4+
23.Kf1 Rd1+ 24.Rxd1 Rxd1+ 25.Ke2 Ra1 26.Bxb7 Rxa2 27.Qd4 Rxb2+ 28.Nd2  1-0

[Event "TCh-FIN 2010-11"]
[Site "Helsinki FIN"]
[Date "2011.03.13"]
[Round "9.6"]
[White "Maki Uuro,Mi"]
[Black "Laakso,H"]
[Result "1/2-1/2"]
[WhiteElo "2336"]
[BlackElo "2202"]

1.d4 Nf6 2.Bg5 e6 3.e4 c5 4.d5 Qb6 5.Nc3 Qxb2 6.Bd2 Nxe4 7.Nxe4 Qe5 8.Bd3 exd5
9.Nf3 Qe7 10.O-O dxe4 11.Bxe4 Qd6 12.Ng5 Be7 13.Qf3 Qf6 14.Qh3 h6 15.Rae1 Nc6
16.Nh7 Rxh7 17.Bxh7 d5 18.Qh5 Be6 19.Bd3 O-O-O 20.Rb1 Bd6 21.Rfe1  1/2-1/2

[Event "TCh-SWE Elitserien 2010-11"]
[Site "Sweden SWE"]
[Date "2011.03.13"]
[Round "11"]
[White "Aaberg,A"]
[Black "Eriksson,A"]
[Result "0-1"]
[WhiteElo "2395"]
[BlackElo "2316"]

1.d4 Nf6 2.Bg5 e6 3.e4 h6 4.Bxf6 Qxf6 5.c3 d6 6.Bd3 g6 7.Ne2 e5 8.O-O Bg7
9.f4 exd4 10.cxd4 O-O 11.Nbc3 Qd8 12.e5 Nc6 13.Be4 Ne7 14.Ng3 dxe5 15.dxe5 c6
16.Rf2 Qxd1+ 17.Rxd1 Be6 18.Rd6 Rfd8 19.Rfd2 Rxd6 20.Rxd6 Nf5 21.Bxf5 gxf5
22.Nh5 Bf8 23.Rd3 Bc5+ 24.Kh1 Be7 25.h3 Kh7 26.Kh2 Rd8 27.Rxd8 Bxd8 28.a3 Kg6
29.Ng3 f6 30.exf6 Bxf6 31.Nf1 h5 32.Kg3 h4+ 33.Kf3 b5 34.Ke3 c5 35.Nd2 b4
36.axb4 cxb4 37.Na4 Bd5 38.Nf3 Bc6 39.b3 Bd5 40.Nc5 a5 41.Kd3 Kf7 42.Kc2 Ke7
43.Na4 Kd6 44.Nb6 Be4+ 45.Kd2 Bd8 46.Nc4+ Kc5 47.Nce5 Kb5 48.Nd4+ Ka6 49.Ndf3 a4
50.bxa4 Ka5 51.Kc1 Kxa4 52.Kb2 Bf6 53.Ne1 Be7 54.N1f3 Bd5 55.Ng6 Bf6+ 56.Nge5 b3
57.Nd2 Bxg2 58.Nxb3 Bxh3 59.Nd2 Bg2 60.Kc2 h3 61.Nef3 Bd4 62.Kd3 Bg1 63.Kc4 h2
64.Nxh2 Bxh2 65.Nb1 Bxf4 66.Nc3+ Ka5 67.Kd4  0-1

[Event "ch-Southern FR Men"]
[Site "Armavir RUS"]
[Date "2011.03.18"]
[Round "7"]
[White "Sukhareva,V"]
[Black "Mavlyaveev,Vladimir"]
[Result "0-1"]
[WhiteElo "1936"]
[BlackElo "1803"]

1.d4 Nf6 2.Bg5 e6 3.c4 Bb4+ 4.Nc3 c5 5.d5 exd5 6.cxd5 d6 7.f3 h6 8.Bh4 Nbd7
9.e4 O-O 10.Bd3 Ne5 11.Ne2 Ng6 12.Bf2 Bxc3+ 13.bxc3 a6 14.a4 Ne5 15.Bc2 Bd7
16.h3 Rb8 17.f4 Ng6 18.e5 dxe5 19.Bxg6 fxg6 20.Bxc5 Re8 21.Bd6 Ne4 22.Bxb8 Qh4+
23.g3 Nxg3 24.Kd2 Rxb8 25.Qe1 exf4 26.Rg1 Re8 27.Rg2 Ne4+ 28.Kc2 Qxe1 29.Rxe1 f3
30.Ng3 Bxa4+ 31.Kb2 fxg2 32.Nxe4 Rxe4 33.Rxe4 g1=Q 34.Rxa4 Qg2+  0-1

[Event "e2e4 Uxbridge Open"]
[Site "Denham ENG"]
[Date "2011.03.20"]
[Round "4"]
[White "Grigoryan,Meri"]
[Black "Hoare,Amy B"]
[Result "1-0"]
[WhiteElo "2064"]
[BlackElo "1916"]

1.d4 Nf6 2.Bg5 e6 3.e4 h6 4.Bxf6 Qxf6 5.e5 Qd8 6.f4 d5 7.Nf3 c5 8.c3 Nc6
9.Qb3 cxd4 10.cxd4 Bb4+ 11.Nc3 O-O 12.a3 Ba5 13.Qc2 Bd7 14.Be2 Rc8 15.O-O a6
16.Qd3 Bxc3 17.bxc3 Na5 18.a4 Qe8 19.Bd1 Nc4 20.Bc2 g6 21.Nh4 Kh7 22.Rf3 Nb2
23.Qd2 Nxa4 24.f5 exf5 25.Rxa4 Bxa4 26.Nxf5 g5 27.Nd6+ Bxc2 28.Qxc2+ Kg7
29.Nxe8+ Rcxe8 30.Qf5 Re6 31.h4 Rg6 32.hxg5 hxg5 33.e6 Rxe6 34.Qxg5+ Rg6
35.Qxd5 b5 36.Rh3 Rg8 37.Rf3 Rf8 38.Qe5+ f6 39.Qf5 Rf7 40.d5  1-0

[Event "e2e4 Uxbridge Open"]
[Site "Denham ENG"]
[Date "2011.03.20"]
[Round "4"]
[White "Taylor,Mart"]
[Black "Lalic,B"]
[Result "1/2-1/2"]
[WhiteElo "2321"]
[BlackElo "2474"]

1.d4 Nf6 2.Bg5 e6 3.Nd2 c5 4.e3 d5 5.c3 Nbd7 6.Ngf3 Be7 7.Bd3 Qc7 8.O-O O-O
9.Rc1 b6 10.c4 Bb7 11.b4 dxc4 12.Bxc4 Rad8 13.bxc5 bxc5 14.Qe2 Qb8 15.Ba6 Ba8
16.Rb1 Qc7 17.Bf4  1/2-1/2

[Event "Kiev Spring 2011"]
[Site "Kiev UKR"]
[Date "2011.03.22"]
[Round "5.17"]
[White "Ostakhnovich,Vladislav"]
[Black "Skliarov,Olexandr"]
[Result "1/2-1/2"]
[WhiteElo "2090"]
[BlackElo "1986"]

1.d4 Nf6 2.Bg5 e6 3.c4 Bb4+ 4.Nc3 c5 5.Bxf6 Qxf6 6.e3 Nc6 7.Nf3 O-O 8.Rc1 b6
9.a3 Bxc3+ 10.Rxc3 Rd8 11.d5 exd5 12.Qxd5 Bb7 13.Be2 Na5 14.Qd2 d5 15.cxd5 Rxd5
16.Qc2 Rad8 17.O-O Nc6 18.Rd1 Rxd1+ 19.Bxd1 Qg6 20.Be2 Ne5 21.Qxg6 Nxf3+
22.gxf3 hxg6 23.Rc2 Kf8 24.b4 Rc8  1/2-1/2

[Event "12th ch-EUR"]
[Site "Aix-les-Bains FRA"]
[Date "2011.04.02"]
[Round "11.77"]
[White "Shimanov,A"]
[Black "Roser,K"]
[Result "1-0"]
[WhiteElo "2550"]
[BlackElo "2423"]

1.d4 Nf6 2.Bg5 e6 3.e4 h6 4.Bxf6 Qxf6 5.Nc3 d6 6.Qd2 c6 7.f4 e5 8.dxe5 dxe5
9.f5 Bb4 10.Nf3 Nd7 11.a3 Ba5 12.Bc4 Qe7 13.b4 Bc7 14.O-O Nf6 15.Rab1 O-O
16.Kh1 Rd8 17.Qe1 Kf8 18.g4 Nxg4 19.Rg1 Nf6 20.Qg3 Ne8 21.f6 Nxf6 22.Qxg7+ Ke8
23.Rbf1 Bh3 24.Nh4 Rd6 25.Rf3 Be6 26.Rxf6 Bxc4 27.Rxd6 Bxd6 28.Nf5 Qf8 29.Nxd6+ Qxd6
30.Qh8+ Ke7 31.Qxa8 Qd4 32.Rd1  1-0

[Event "TCh-NOR Attack-serien 2010-11"]
[Site "Oslo NOR"]
[Date "2011.04.02"]
[Round "8"]
[White "Kovachev,D"]
[Black "Tallaksen,L"]
[Result "1-0"]
[WhiteElo "2307"]
[BlackElo "2190"]

1.d4 Nf6 2.Bg5 e6 3.e3 d5 4.Nd2 Be7 5.Bd3 O-O 6.f4 c5 7.c3 Qc7 8.Ngf3 b6
9.Ne5 a5 10.Bxf6 Bxf6 11.Qh5 g6 12.Qe2 cxd4 13.exd4 Ba6 14.h4 Bxd3 15.Qxd3 Nd7
16.h5 g5 17.Nxd7 Qxd7 18.O-O gxf4 19.Rxf4 Be7 20.Nf3 f6 21.Re1 Bd6 22.Rg4+ Kh8
23.h6 Rg8 24.Rxg8+ Rxg8 25.Qe2 Re8 26.Qf2 Rg8 27.Qh4 Qf7 28.Qh3 Re8 29.b3 b5
30.Nh2 e5 31.Nf3 e4 32.Nh4 Bf4 33.Nf5 Qd7 34.Rf1 Bg5 35.Qh5 e3 36.Qe2 Re4
37.Rf3 Qe6 38.g3 Kg8 39.Kg2 Qc6 40.a4 Qxc3 41.axb5 Qxb3 42.Rf1 Re8 43.Rc1 Rf8
44.Rc7 Qb1 45.Qf3 Qa2+ 46.Kh3 Qb3 47.Ne7+ Kh8 48.Nxd5 Qd3 49.b6 Bxh6 50.b7 Qb1
51.Rc8 Qxb7 52.Qxf6+ Kg8 53.Ne7+ Qxe7 54.Qxe7 Rxc8 55.Qe6+ Kg7 56.Qxc8 Bg5
57.Qa6 Bf6 58.d5 Kg6 59.Kg4 h5+ 60.Kf3 a4 61.Qxa4 Bg5 62.Qe4+ Kf6 63.d6 Kg7
64.d7 Bf6  1-0

[Event "Karposh Open"]
[Site "Skopje MKD"]
[Date "2011.04.05"]
[Round "5"]
[White "Bejatovic,B"]
[Black "Hadzi Manev,L"]
[Result "1/2-1/2"]
[WhiteElo "1918"]
[BlackElo "2184"]

1.d4 Nf6 2.Bg5 e6 3.Nf3 b6 4.Nbd2 Bb7 5.e3 c5 6.Bd3 h6 7.Bxf6 gxf6 8.Qe2 a6
9.c3 Nc6 10.e4 cxd4 11.Nxd4 Nxd4 12.cxd4 Rg8 13.f3 b5 14.a3 Qb6 15.Qf2 Rc8
16.Nb3 b4 17.a4 Bd6 18.Qd2 Ke7 19.g3 h5 20.a5 Qa7 21.Rc1 Rxc1+ 22.Qxc1  1/2-1/2

[Event "4th Metropolitan Invitational"]
[Site "Los Angeles USA"]
[Date "2011.04.06"]
[Round "1"]
[White "Steinfl,A"]
[Black "Kudryavtsev,V"]
[Result "0-1"]
[WhiteElo "2212"]
[BlackElo "2115"]

1.d4 Nf6 2.Bg5 e6 3.e4 h6 4.Bxf6 Qxf6 5.Nf3 d6 6.Nc3 Nd7 7.Qd2 Qd8 8.O-O-O Be7
9.h4 c6 10.Bd3 e5 11.Ne2 Qc7 12.Ng3 Nf6 13.dxe5 dxe5 14.Qc3 Ng4 15.Rhf1 O-O
16.Bc4 Qb6 17.Qb3 Qc5 18.a4 a6 19.Nf5 Bxf5 20.exf5 b5 21.Be2 Nxf2 22.Rd7 e4
23.Nd4 Bxh4 24.g3 Bf6 25.Qe3 Bg5  0-1

[Event "ch-POR Youth U18"]
[Site "Torres Vedras POR"]
[Date "2011.04.12"]
[Round "4.5"]
[White "Goulao,G"]
[Black "Meireles,A"]
[Result "1-0"]
[WhiteElo "1871"]
[BlackElo "1696"]

1.d4 Nf6 2.Bg5 e6 3.e4 h6 4.Bxf6 Qxf6 5.Nf3 d5 6.Nbd2 c5 7.c3 cxd4 8.cxd4 Nc6
9.Bb5 Bd7 10.O-O Qd8 11.exd5 exd5 12.Re1+ Be7 13.Qe2 Be6 14.Ne5 Rc8 15.Rac1 Qd6
16.Nb3 O-O 17.Bxc6 bxc6 18.Nc5 Rfe8 19.Rc3 Bg5 20.h4 Bxh4 21.Qh5 Bf6 22.f4 Bxe5
23.dxe5 Qe7 24.f5 d4 25.f6 Qf8 26.Rg3 g6 27.Re4 Kh7 28.Nxe6 Rxe6 29.Qh4 Rce8
30.Qf4 c5 31.Rh3 Rb8 32.b3 Rbe8 33.g4 a6 34.g5 h5 35.Qh2 Kg8 36.Kf2 c4 37.bxc4 Rb8
38.Kf3 Qa3+ 39.Kf4 Qc1+ 40.Kg3 Rb2 41.Re2 Rxe2 42.Qxe2 Qe3+ 43.Qxe3 dxe3
44.Kf4 Rc6 45.Rxe3 Rxc4+ 46.Kf3 Kf8 47.Ra3 Rc6 48.Ke4 Ke8 49.Kd5 Kd7 50.Rb3 Kc7
51.Re3 Rc2 52.e6 fxe6+ 53.Kxe6 Kd8 54.Kf7 Rf2 55.Kxg6 h4 56.f7 h3 57.Rxh3 Ke7
58.Re3+ Kd7 59.Re8  1-0

[Event "ch-POR Youth U18"]
[Site "Torres Vedras POR"]
[Date "2011.04.13"]
[Round "5.5"]
[White "Cadeirinhas,D"]
[Black "Margarido,J"]
[Result "0-1"]
[WhiteElo "1838"]
[BlackElo "1784"]

1.d4 Nf6 2.Bg5 e6 3.e4 h6 4.Bxf6 Qxf6 5.Nf3 d5 6.Nbd2 Qd8 7.c3 Be7 8.Bd3 b6
9.O-O c6 10.Re1 Qc7 11.exd5 cxd5 12.Ne5 Nd7 13.Ndf3 a6 14.Nxd7 Bxd7 15.Ne5 b5
16.a3 Bf6 17.f4 O-O 18.Qg4 Bxe5 19.fxe5 f5 20.Qg6 Qd8 21.Re3 Qe8 22.Rg3 Qxg6
23.Rxg6 Kf7 24.Rg3 g5 25.Rf1 Rh8 26.Be2 a5 27.Ra1 a4 28.Rb1 g4 29.Rd3 Kg6
30.Kf2 Kg5 31.Rh1 f4 32.h3 h5 33.Rc1 Raf8 34.Rb1 Be8 35.Rh1 g3+ 36.Ke1 h4
37.Bg4 Bg6 38.Rd2 Bf5 39.Bf3 Be4 40.Ke2 Bf5 41.Re1 Rc8 42.Kf1 Rhf8 43.Be2 Rb8
44.Bd3 f3 45.Bxf5 Rxf5 46.gxf3 Rxf3+ 47.Kg2 Rbf8 48.Ree2 Rf1 49.Rc2 R8f3
50.Rcd2 Kf4 51.Rc2 Rb1 52.c4 Rff1  0-1

[Event "ch-ISL"]
[Site "Egilsstadir ISL"]
[Date "2011.04.15"]
[Round "1"]
[White "Kristjansson,St"]
[Black "Thorhallsson,T"]
[Result "1/2-1/2"]
[WhiteElo "2483"]
[BlackElo "2387"]

1.d4 Nf6 2.Bg5 e6 3.e4 h6 4.Bxf6 Qxf6 5.Nc3 d6 6.Qd2 a6 7.O-O-O b5 8.f4 Bb7
9.Bd3 Nd7 10.Nf3 Qd8 11.d5 e5 12.fxe5 dxe5 13.Ne2 Bd6 14.g4 Qe7 15.Ng3 g6
16.h4 O-O-O 17.h5 Nc5 18.hxg6 fxg6 19.Be2 Qf8 20.Nh4 Qg7 21.Kb1 Rdf8 22.Qe3 Kb8
23.a3 Rf4 24.c4 bxc4 25.Rc1 Nd7  1/2-1/2

[Event "34th Open"]
[Site "Donostia ESP"]
[Date "2011.04.20"]
[Round "5"]
[White "Suarez Garcia,C"]
[Black "Montolio Benedicto,C"]
[Result "1-0"]
[WhiteElo "2177"]
[BlackElo "1992"]

1.d4 Nf6 2.Bg5 e6 3.e4 h6 4.Bxf6 Qxf6 5.Nf3 g6 6.Bd3 Bg7 7.Nbd2 d6 8.Qe2 Bd7
9.c3 c5 10.e5 Qe7 11.exd6 Qxd6 12.Ne4 Qe7 13.Nxc5 Bc6 14.Be4 Bxe4 15.Qxe4 Nc6
16.Nd3 O-O 17.Nde5 Nxe5 18.Nxe5 Rac8 19.O-O Qc7 20.Rfd1 Rfd8 21.h3 Bxe5 22.Qxe5 Qxe5
23.dxe5 Kf8 24.f4 Rxd1+ 25.Rxd1 Ke7 26.Kf2 h5 27.g3 Rc6 28.Ke3 Ra6 29.Ra1 Rb6
30.b3 Rc6 31.Kd3 Rc8 32.Rd1 Rc6 33.c4 Ra6 34.Rd2 Kd7 35.Kc3+ Kc8 36.Kb2 Rc6
37.a3 Rc7 38.Rd4 Re7 39.b4 Kc7 40.Kc3 Re8 41.c5 Rg8 42.h4 Ra8 43.Rd6 Rf8
44.Kc4 a6 45.a4 Ra8 46.c6 bxc6 47.Kc5 Kb7 48.Rd7+  1-0

[Event "Branko Vukmanovic Mem Open"]
[Site "Tivat MNE"]
[Date "2011.04.21"]
[Round "6.5"]
[White "Kosic,D"]
[Black "Djukic,Ni"]
[Result "1-0"]
[WhiteElo "2466"]
[BlackElo "2494"]

1.d4 Nf6 2.Bg5 e6 3.Nd2 h6 4.Bh4 d6 5.e4 Nbd7 6.c3 Be7 7.Ngf3 Nh5 8.Bxe7 Qxe7
9.g3 b6 10.Bg2 Bb7 11.O-O O-O 12.Re1 Nhf6 13.Nh4 Nh7 14.f4 Rfd8 15.Nf5 Qf8
16.Ne3 Rac8 17.Qb3 Qe7 18.Rad1 Ndf8 19.c4 Qd7 20.Qc3 c6 21.e5 d5 22.cxd5 cxd5
23.Qa3 Bc6 24.Nf3 Ng6 25.Bh3 Ne7 26.g4 Ng6 27.Ng2 Qe7 28.Qe3 Ngf8 29.f5 Ng5
30.Nxg5 Qxg5 31.Qf2 Ba4 32.b3 Bd7 33.Re3 Rc7 34.f6 gxf6 35.exf6 Ng6 36.Ne1 Rdc8
37.Bg2 Rc3 38.Rxc3 Rxc3 39.Qd2 Nf4 40.Kh1 Rc7 41.Nf3 Qxf6 42.Ne5 Nxg2 43.Kxg2 Qg5
44.Qe2 Be8 45.Rf1 Rc1 46.h4  1-0

[Event "Easter Open"]
[Site "Norrkoping SWE"]
[Date "2011.04.23"]
[Round "4"]
[White "Krantz,C"]
[Black "Akesson,R"]
[Result "0-1"]
[WhiteElo "2211"]
[BlackElo "2433"]

1.d4 Nf6 2.Bg5 e6 3.e3 b6 4.Nd2 Bb7 5.c3 d6 6.Ngf3 Nbd7 7.Bd3 h6 8.Bxf6 Qxf6
9.Qe2 a6 10.e4 Qe7 11.e5 g6 12.Be4 Bxe4 13.Qxe4 d5 14.Qe2 Bg7 15.h4 c5 16.O-O O-O
17.Rfe1 Rfc8 18.h5 g5 19.Nf1 b5 20.Ne3 Rc7 21.Ng4 cxd4 22.cxd4 Rac8 23.Red1 Nb6
24.Ne1 Rc4 25.b3 Rc3 26.Nd3 Nd7 27.Rac1 Rxc1 28.Rxc1 Rxc1+ 29.Nxc1 Qb4 30.Qe3 Nb8
31.Nd3 Qc3 32.Nc5 Qa1+ 33.Kh2 Nc6 34.Nxa6 Nxd4 35.Nc5 Qd1 36.f3 Ne2 37.Qf2 Nf4
38.a4 bxa4 39.bxa4 Nxh5 40.g3 Qa1 41.Qe2 Nxg3 42.Qb5 Nh5 43.Qe8+ Kh7 44.Nxe6 fxe6
45.Qxh5 Qxa4 46.Kg2 Qc2+ 47.Kg3 Qg6 48.Qh1 Qf5 49.Kg2 Kg6 50.Ne3 Qd3 51.Qe1 h5
52.Nf1 Qc2+ 53.Kh3 Qf5+ 54.Kg2 Qxe5 55.Qb1+ Kh6 56.Ng3 h4 57.Nh1 Qe2+ 58.Nf2 Bd4  0-1

[Event "Joao Braga Open"]
[Site "Sao Paolo BRA"]
[Date "2011.04.23"]
[Round "6.28"]
[White "Lapertosa,J"]
[Black "Chang,S"]
[Result "1/2-1/2"]
[WhiteElo "2142"]
[BlackElo "2014"]

1.d4 Nf6 2.Bg5 e6 3.Nc3 Bb4 4.a3 Bxc3+ 5.bxc3 b6 6.f3 d5 7.e3 Ba6 8.Bxa6 Nxa6
9.Qd3 Nb8 10.Ne2 Qd7 11.O-O Nc6 12.e4 Na5 13.Bxf6 gxf6 14.exd5 Qxd5 15.Nf4 Qc4
16.Qe4 O-O-O 17.Rab1 f5 18.Qd3 c5 19.Rfd1 cxd4 20.cxd4 Rd7 21.Rb4 Qxd3 22.Rxd3 Nc6
23.Rb1 Nxd4 24.Rb4 Rhd8 25.Kf2 Kb7 26.Rc4 Nc6 27.Rxd7+ Rxd7 28.Ne2 Ne5 29.Rh4 Rd2
30.Rxh7 Rxc2 31.h4 b5  1/2-1/2

[Event "8th Balagne Open"]
[Site "Calvi FRA"]
[Date "2011.04.27"]
[Round "2.7"]
[White "Richter,Mic"]
[Black "Marchadour,E"]
[Result "1-0"]
[WhiteElo "2486"]
[BlackElo "2038"]

1.d4 Nf6 2.Bg5 e6 3.e3 Be7 4.Bd3 b6 5.Nf3 Bb7 6.O-O Nd5 7.Bxe7 Qxe7 8.c4 Nf6
9.Nc3 a6 10.e4 d6 11.Qe2 Nbd7 12.e5 Ng4 13.Be4 c6 14.h3 Nh6 15.Rad1 f5 16.exd6 Qxd6
17.Bc2 O-O 18.Bb3 Rfe8 19.c5 Qe7 20.Rfe1 Nf8 21.cxb6 a5 22.Na4 Qb4 23.Ng5 Ba6
24.Qd2 Qd6 25.Nc5 Kh8 26.b7 Ra7 27.Qxa5  1-0